000 00317nam a2200145Ia 4500
100 _aNone
650 _aCarpentery
942 _cBK
654 _aSupporting Of Mild Steel
245 _aSupporting Of Mild Steel
260 _bEngg.Equipment Association
082 _a672.8
_bEea
546 _aENGLISH
999 _c19959
_d19959